[Event "22nd European Teams Women"]
[Site "Batumi GEO"]
[Date "2019.10.27"]
[Round "4.1"]
[Board "2"]
[White "Lagno, Kateryna"]
[Black "Javakhishvili, Lela"]
[Result "1/2-1/2"]
[WhiteTitle "GM"]
[BlackTitle "IM"]
[WhiteElo "2549"]
[BlackElo "2457"]
[WhiteTeam "Russia"]
[BlackTeam "Georgia"]
[WhiteFideId "14109336"]
[BlackFideId "13601458"]
[EventDate "2019.10.24"]

1. e4 c5 2. Nf3 Nc6 3. d4 cxd4 4. Nxd4 Qb6 5. Nb3 Nf6 6. Nc3 e6 7. Qe2 d6 8. Bf4
a6 9. O-O-O Qc7 10. Qd2 Ne5 11. Bg5 b5 12. Bxf6 gxf6 13. f4 Nc4 14. Qd4 Bd7 15.
f5 Ne5 16. Be2 h5 17. Rhf1 Be7 18. a3 Rc8 19. Kb1 Qb7 20. fxe6 fxe6 21. Rf4 h4
22. Qf2 b4 23. axb4 Qxb4 24. Rxh4 Rf8 25. Rh7 a5 26. Rd4 Qb6 27. Qg3 Kd8 28. Bh5
Rc7 29. Qg7 Be8 30. Rh8 Nd7 31. Bxe8 Rxe8 32. Rxe8+ Kxe8 33. Qh8+ Nf8 34. Qh5+
Kd7 35. Qxa5 Qxa5 36. Nxa5 Rc5 37. Nb3 Rh5 38. h3 Ng6 39. Ne2 Nh4 40. g3 Nf3 41.
Rd3 Ne5 42. Rd1 Nf7 43. Nf4 Re5 44. h4 Ke8 45. Nd2 Nh6 46. Nc4 Rxe4 47. Nxd6+
Bxd6 48. Rxd6 Ke7 49. Rd3 Re1+ 50. Ka2 e5 51. Nd5+ Ke6 52. c4 e4 53. Re3 Rxe3
54. Nxe3 Nf5 55. Nxf5 Kxf5 56. Kb3 Kg4 57. c5 e3 58. c6 e2 59. c7 e1=Q 60. c8=Q+
Kxg3 61. Qc7+ Kg4 62. Qg7+ Kf5 63. Qd7+ Kg6 64. Qg4+ Kh6 65. Qf4+ Kg7 66. Qg4+
Kh6 67. Qf4+ Kg7 68. Qg4+ 1/2-1/2

[Event "22nd European Teams Women"]
[Site "Batumi GEO"]
[Date "2019.10.27"]
[Round "4.1"]
[Board "4"]
[White "Gunina, Valentina"]
[Black "Arabidze, Meri"]
[Result "1-0"]
[WhiteTitle "GM"]
[BlackTitle "IM"]
[WhiteElo "2509"]
[BlackElo "2398"]
[WhiteTeam "Russia"]
[BlackTeam "Georgia"]
[WhiteFideId "4167570"]
[BlackFideId "13604040"]
[EventDate "2019.10.24"]

1. d4 d5 2. c4 dxc4 3. e3 Nf6 4. Bxc4 e6 5. Nf3 c5 6. O-O a6 7. dxc5 Bxc5 8.
Qxd8+ Kxd8 9. Nbd2 Ke7 10. Be2 Bd7 11. Ne5 Bb5 12. Nec4 Nc6 13. b3 Rhd8 14. Rd1
Rac8 15. Bb2 Kf8 16. Bf3 Nd5 17. Ne4 Be7 18. Ncd6 Rb8 19. a4 f5 20. Nc5 Rxd6 21.
axb5 axb5 22. Nxe6+ Rxe6 23. Rxd5 Bf6 24. Bxf6 Rxf6 25. Rxb5 Nd8 26. g3 g6 27.
Rd1 Rf7 28. h4 Rc7 29. h5 Nf7 30. hxg6 hxg6 31. Kg2 b6 32. Rd4 Rc5 33. Rbb4 Ke7
34. e4 Ng5 35. exf5 Nxf3 36. Kxf3 Rxf5+ 37. Rf4 Re5 38. Kg4 b5 39. Rbe4 Rxe4 40.
Rxe4+ Kf6 41. Rf4+ Kg7 42. Rd4 Kh6 43. f4 Rb6 44. Rd7 b4 45. Kh4 Re6 46. Rd4 Rb6
47. g4 g5+ 48. fxg5+ Kg6 49. Rf4 Rb8 50. Rf6+ Kg7 51. Rd6 Rh8+ 52. Rh6 Rb8 53.
Kh5 Rc8 54. Rg6+ Kf7 55. Rb6 Rh8+ 56. Rh6 Rd8 57. Rh7+ Kg8 58. Rb7 Rd4 59. g6
Kf8 60. Kh6 1-0

[Event "22nd European Teams Women"]
[Site "Batumi GEO"]
[Date "2019.10.27"]
[Round "4.2"]
[Board "3"]
[White "Gara, Ticia"]
[Black "Gueci, Tea"]
[Result "1-0"]
[WhiteTitle "WGM"]
[BlackTitle "WIM"]
[WhiteElo "2322"]
[BlackElo "2265"]
[WhiteTeam "Hungary"]
[BlackTeam "Italy"]
[WhiteFideId "717444"]
[BlackFideId "872342"]
[EventDate "2019.10.24"]

1. c4 e6 2. Nf3 Nf6 3. g3 d5 4. d4 Bb4+ 5. Bd2 Bd6 6. Bg2 c6 7. b3 Ne4 8. Nc3 f5
9. O-O Nd7 10. Rc1 O-O 11. Bf4 Be7 12. Nxe4 fxe4 13. Ne5 a5 14. f3 exf3 15. exf3
a4 16. Re1 axb3 17. axb3 Bb4 18. Re2 Nxe5 19. Bxe5 Bd7 20. Ra1 Bc3 21. Rxa8 Qxa8
22. Qc1 Qa5 23. Rc2 Bb4 24. Qg5 Rf7 25. h4 Be7 26. Qd2 Qb6 27. c5 Qd8 28. Ra2
Bf6 29. f4 b6 30. Qe1 Be7 31. b4 b5 32. Qa1 Rf8 33. Ra7 h6 34. Qa6 Bxh4 35. gxh4
Qxh4 36. Qa1 Rf7 37. Ra3 Qg4 38. Ra8+ Rf8 39. Rxf8+ Kxf8 40. Qb1 Kg8 41. Qd3 Be8
42. Kh2 Bf7 43. Bh3 Qh4 44. Qg3 Qxg3+ 45. Kxg3 g6 46. Bf6 Kf8 47. f5 exf5 48.
Kf4 Be8 49. Ke5 Kf7 50. Bd8 Bd7 51. Bh4 g5 52. Bf2 g4 53. Bf1 h5 54. Bd3 Kg6 55.
Bh4 g3 56. Bxg3 Kg5 57. Kd6 Be8 58. Ke7 Bg6 59. Kd7 h4 60. Bh2 Kg4 61. Kxc6 Be8+
62. Kxd5 f4 63. c6 f3 1-0

[Event "22nd European Teams Women"]
[Site "Batumi GEO"]
[Date "2019.10.27"]
[Round "4.4"]
[Board "4"]
[White "Zhukova, Natalia"]
[Black "Duran, Esma Doga"]
[Result "1-0"]
[WhiteTitle "GM"]
[BlackTitle "WFM"]
[WhiteElo "2333"]
[BlackElo "1878"]
[WhiteTeam "Ukraine"]
[BlackTeam "Turkey"]
[WhiteFideId "14101513"]
[BlackFideId "6390196"]
[EventDate "2019.10.24"]

1. c4 c5 2. Nf3 Nc6 3. d4 cxd4 4. Nxd4 g6 5. e4 Bg7 6. Be3 Nf6 7. Nc3 d6 8. Be2
O-O 9. O-O Bd7 10. h3 Nxd4 11. Bxd4 Bc6 12. Qc2 Qc7 13. Rad1 Rac8 14. Rfe1 b6
15. Nd5 Bxd5 16. exd5 Nd7 17. Bxg7 Kxg7 18. Bg4 h5 19. Qc3+ Kg8 20. Bxh5 gxh5
21. Qg3+ Kh7 22. Rxe7 Rce8 23. Rde1 Rxe7 24. Rxe7 Qxc4 25. Rxd7 Qxd5 26. Rxd6
Qf5 27. Qe3 Rc8 28. Kh2 f6 29. Qd4 Kg6 30. Rd5 Qe6 31. Qd3+ Kh6 32. Qd2+ Kg6 33.
Qd3+ Kh6 34. Qf3 Qf7 35. Qf4+ Kg7 36. Rd3 Rc5 37. Rg3+ Kh7 38. Qe4+ Kh6 39. b3
Re5 40. Qf4+ Kh7 41. Rf3 Re6 42. Qf5+ Kh6 43. g4 Qc7+ 44. Kg2 hxg4 45. hxg4 Qc6
46. Kh2 Qc7+ 47. Rg3 Qe5 48. Kg2 Qxf5 49. gxf5 Rd6 50. Kf3 Kh7 51. Rg6 Rc6 52.
Ke4 Rd6 53. a4 a6 54. f4 b5 55. axb5 axb5 56. Rg3 b4 57. Rd3 Rc6 58. Rd4 Rb6 59.
Kd5 Rb5+ 60. Ke6 1-0

[Event "22nd European Teams Women"]
[Site "Batumi GEO"]
[Date "2019.10.27"]
[Round "4.7"]
[Board "1"]
[White "Shvayger, Yuliya"]
[Black "Socko, Monika"]
[Result "1/2-1/2"]
[WhiteTitle "IM"]
[BlackTitle "GM"]
[WhiteElo "2336"]
[BlackElo "2417"]
[WhiteTeam "Israel"]
[BlackTeam "Poland"]
[WhiteFideId "14100126"]
[BlackFideId "1106619"]
[EventDate "2019.10.24"]

1. e4 e6 2. d4 d5 3. Nd2 Be7 4. Ngf3 Nf6 5. e5 Nfd7 6. Bd3 c5 7. c3 b6 8. O-O
Ba6 9. Ne1 Bxd3 10. Nxd3 Nc6 11. Qg4 g6 12. Nf3 h5 13. Qg3 c4 14. Nde1 h4 15.
Qg4 Rh5 16. h3 Nf8 17. Nc2 Nh7 18. Bd2 Qc7 19. b3 Na5 20. Rfb1 O-O-O 21. Ne3 Kb7
22. Nf1 Rc8 23. Rb2 Qd8 24. b4 Nc6 25. b5 Na5 26. Re1 Ng5 27. Nxg5 Bxg5 28. Bxg5
Rxg5 29. Qe2 Rh5 30. Ne3 Rc7 31. Qf3 Qe7 32. Rb4 Kb8 33. Ng4 Qg5 34. Nf6 Rh8 35.
Qe3 Qf5 36. Qc1 Kb7 37. Re3 Qf4 38. Rb1 Qh6 39. Qa3 Qf8 40. Qb2 Kb8 41. Kf1 Qe7
42. Ke2 Ka8 43. Qb4 Nb7 44. Qxe7 Rxe7 45. Kf3 Na5 46. Re2 Kb7 47. Kg4 Rc7 48.
Kg5 Rcc8 49. Re3 a6 50. bxa6+ Kxa6 51. Rf3 Rc7 52. Rf4 b5 53. Rxh4 Rb8 54. Rf4
b4 55. cxb4 c3 56. Rc1 Rxb4 57. Ne8 Rc6 58. Rxf7 Rxd4 59. Nc7+ Kb6 60. Nxe6 Rxe6
61. Rf6 Rc6 62. Rxc3 Rc4 63. Rd3 Kc5 64. Kxg6 d4 65. e6 Rc2 66. Rdf3 Nc4 67.
R3f5+ Kb4 68. Rd5 Kc3 69. e7 Rxf6+ 70. Kxf6 Rxf2+ 71. Ke6 Re2+ 72. Kf7 Rf2+ 1/2-1/2

[Event "22nd European Teams Women"]
[Site "Batumi GEO"]
[Date "2019.10.27"]
[Round "4.11"]
[Board "4"]
[White "Muetsch, Annmarie"]
[Black "Longson, Sarah N"]
[Result "1-0"]
[WhiteTitle "WIM"]
[BlackTitle "WFM"]
[WhiteElo "2266"]
[BlackElo "2073"]
[WhiteTeam "Germany"]
[BlackTeam "England"]
[WhiteFideId "12971367"]
[BlackFideId "2501465"]
[EventDate "2019.10.24"]

1. e4 e5 2. Nf3 Nc6 3. d4 exd4 4. Nxd4 Nf6 5. Nxc6 bxc6 6. e5 Qe7 7. Qe2 Nd5 8.
c4 Nb6 9. Nc3 Ba6 10. Qe4 Qe6 11. b3 Bb4 12. Bb2 d5 13. cxd5 Bxc3+ 14. Bxc3 cxd5
15. Qd4 Bxf1 16. Rxf1 O-O 17. f4 f6 18. Kf2 c5 19. Qxc5 fxe5 20. Kg1 Nd7 21. Qe3
e4 22. Rac1 Nf6 23. Bb2 Rf7 24. Rc5 Rd8 25. Bd4 Ng4 26. Qe2 Nh6 27. b4 Nf5 28.
Be5 Qb6 29. Rd1 Rfd7 30. Rb1 a5 31. a3 axb4 32. axb4 Rc8 33. Rc1 Rxc5 34. bxc5
Qc6 35. Qb2 Rb7 36. Qa3 Kf7 37. Qh3 Nh6 38. Qh5+ Kg8 39. Qg5 Rd7 40. Bd4 Rf7 41.
Rb1 Qa8 42. Qe5 1-0

[Event "22nd European Teams Women"]
[Site "Batumi GEO"]
[Date "2019.10.27"]
[Round "4.12"]
[Board "4"]
[White "Limanovska, Elizabete"]
[Black "Cvitan, Ena"]
[Result "1/2-1/2"]
[WhiteTitle "WFM"]
[BlackTitle "FM"]
[WhiteElo "2186"]
[BlackElo "2182"]
[WhiteTeam "Latvia"]
[BlackTeam "Croatia"]
[WhiteFideId "11603542"]
[BlackFideId "14534215"]
[EventDate "2019.10.24"]

1. e4 c6 2. Nf3 d5 3. exd5 cxd5 4. Ne5 Nc6 5. d4 Qb6 6. Nc3 e6 7. Bb5 Bb4 8. O-O
Ne7 9. a4 O-O 10. Ne2 f6 11. Nxc6 bxc6 12. Bd3 e5 13. c3 Bd6 14. b4 e4 15. Bc2
Qc7 16. h3 Be6 17. Ba3 Qd7 18. b5 Bb8 19. bxc6 Qc7 20. Ng3 Nf5 21. Qe1 Re8 22.
f4 Nxg3 23. Qxg3 Qxc6 24. a5 Bd6 25. Ba4 Qxa4 26. Bxd6 Qc6 27. f5 Bd7 28. Rae1
Qc8 29. Bc5 Bxf5 30. Re3 Bg6 31. Qf4 Qa6 32. Bb4 Rac8 33. h4 Kh8 34. g4 h6 35.
Rf2 Qc6 36. g5 fxg5 37. hxg5 h5 38. Rh3 Kg8 39. Qe3 Qd7 40. Rh4 Qd8 41. Kh1 Qd7 1/2-1/2

[Event "22nd European Teams Women"]
[Site "Batumi GEO"]
[Date "2019.10.27"]
[Round "4.16"]
[Board "1"]
[White "Georgescu, Lena"]
[Black "Machlik, Edit"]
[Result "1-0"]
[WhiteTitle "WFM"]
[WhiteElo "2271"]
[BlackElo "2062"]
[WhiteTeam "Switzerland"]
[BlackTeam "Norway"]
[WhiteFideId "1331973"]
[BlackFideId "1513591"]
[EventDate "2019.10.24"]

1. e4 c6 2. d4 d5 3. e5 Bf5 4. h4 h5 5. Bd3 Bxd3 6. Qxd3 e6 7. Bg5 Qb6 8. Nd2
Qa6 9. c4 Bb4 10. b3 Nd7 11. Nf3 Ne7 12. O-O Nf5 13. Rfd1 f6 14. Bf4 Kf7 15. Nf1
Nb6 16. Rac1 Rac8 17. Ne3 Nxe3 18. fxe3 f5 19. Qb1 Ba3 20. Rc2 Nd7 21. Rf1 g6
22. Qe1 b5 23. c5 Qb7 24. Qg3 Rhg8 25. Bg5 Qc7 26. Ne1 Qb8 27. Nd3 a5 28. Nf4
Bb4 29. Bf6 Qc7 30. Qg5 Rce8 31. Rf3 a4 32. Re2 axb3 33. axb3 Qa7 34. Rg3 Qa1+
35. Kf2 Bxc5 36. Qh6 Nxf6 37. exf6 Bd6 38. Qh7+ Kxf6 39. Rxg6+ Rxg6 40. Nxh5# 1-0

[Event "22nd European Teams Women"]
[Site "Batumi GEO"]
[Date "2019.10.28"]
[Round "5.2"]
[Board "1"]
[White "Dzagnidze, Nana"]
[Black "Mkrtchian, Lilit"]
[Result "1/2-1/2"]
[WhiteTitle "GM"]
[BlackTitle "IM"]
[WhiteElo "2502"]
[BlackElo "2402"]
[WhiteTeam "Georgia"]
[BlackTeam "Armenia"]
[WhiteFideId "13601903"]
[BlackFideId "13300601"]
[EventDate "2019.10.24"]

1. c4 c6 2. d4 d5 3. cxd5 cxd5 4. Bf4 Nc6 5. e3 Nf6 6. Nc3 Bf5 7. Bb5 e6 8. Nf3
Nd7 9. O-O Rc8 10. Rc1 Be7 11. Na4 g5 12. Be5 f6 13. Bg3 Qa5 14. Bxc6 Rxc6 15.
Rxc6 bxc6 16. a3 Qb5 17. b4 a5 18. Nc5 axb4 19. axb4 Qxb4 20. Qa1 Nxc5 21. Qa8+
Bd8 22. dxc5 Qxc5 23. Bc7 O-O 24. Bxd8 Qd6 25. Nd4 Rxd8 26. Qxc6 Qxc6 27. Nxc6
Rd7 28. Nd4 Kf7 29. Nxf5 exf5 30. f4 Ke6 31. g3 d4 32. Re1 dxe3 33. Rxe3+ Kf7
34. Rf3 Kg6 35. Rf2 Rd4 36. Kg2 Rd3 37. h3 Rc3 38. Kh2 Rc4 39. Kg2 gxf4 40. gxf4
Kh5 41. Kg3 Rc7 42. Rf3 Rg7+ 43. Kf2 Kh4 44. Ra3 Rb7 45. Rf3 Rb2+ 46. Kg1 Ra2
47. Rb3 Kh5 48. Rg3 Ra4 49. Rf3 Kg6 50. Kg2 Kf7 51. Kg3 Ke6 52. Rd3 Rb4 53. Kf3
Rb6 54. Kg3 Rd6 55. Re3+ Kf7 56. Kf3 Re6 57. Kf2 Ke7 58. Ra3 Kf7 59. Re3 Ra6 60.
Kf3 1/2-1/2

[Event "22nd European Teams Women"]
[Site "Batumi GEO"]
[Date "2019.10.28"]
[Round "5.2"]
[Board "4"]
[White "Sargsyan, Anna M."]
[Black "Melia, Salome"]
[Result "1-0"]
[WhiteTitle "WFM"]
[BlackTitle "IM"]
[WhiteElo "2242"]
[BlackElo "2380"]
[WhiteTeam "Armenia"]
[BlackTeam "Georgia"]
[WhiteFideId "13308130"]
[BlackFideId "13602446"]
[EventDate "2019.10.24"]

1. d4 Nf6 2. Nf3 g6 3. c4 d6 4. Nc3 Bf5 5. Nh4 Bd7 6. g3 Bg7 7. Bg2 Nc6 8. O-O
O-O 9. e4 e5 10. d5 Nd4 11. Be3 c5 12. dxc6 Bxc6 13. Nd5 Nxd5 14. exd5 Bd7 15.
f4 Qc8 16. fxe5 dxe5 17. b3 b5 18. Rc1 bxc4 19. bxc4 Bg4 20. Qd2 Ne2+ 21. Kh1
Nxc1 22. Rxc1 Bh3 23. Bf3 Bg4 24. Bg2 Bh3 25. Bf3 Bg4 26. Be4 Rb8 27. d6 Bd7 28.
Qg2 Bh3 29. Qc2 Bd7 30. Bxa7 Ra8 31. Be3 Bc6 32. c5 Ra4 33. Bxc6 Qxc6+ 34. Qg2
e4 35. Rd1 Rd8 36. Qd2 Rd7 37. Ng2 Qa6 38. Qd5 Bf8 39. Nf4 Rxa2 40. Qe5 Qa4 41.
Rc1 Rc2 42. Ra1 Ra2 43. Rxa2 Qxa2 44. Nd5 Rb7 45. Ne7+ Bxe7 46. dxe7 Qb1+ 47.
Bg1 Rxe7 48. Qxe7 Qd3 49. Qe8+ Kg7 50. Qe5+ Kg8 51. Qf4 h5 52. Qe3 Qd5 53. Qd4
Qf5 54. Qe3 Qd5 55. Kg2 f5 56. Bf2 Kf7 57. Qd4 Qa2 58. c6 Qc2 59. Qd7+ Kf6 60.
c7 e3 61. Qd8+ Kf7 62. c8=Q Qe4+ 63. Kf1 e2+ 64. Ke1 1-0

[Event "22nd European Teams Women"]
[Site "Batumi GEO"]
[Date "2019.10.28"]
[Round "5.3"]
[Board "2"]
[White "Gaponenko, Inna"]
[Black "Eric, Jovana"]
[Result "0-1"]
[WhiteTitle "IM"]
[BlackTitle "WGM"]
[WhiteElo "2427"]
[BlackElo "2285"]
[WhiteTeam "Ukraine"]
[BlackTeam "Serbia"]
[WhiteFideId "14101181"]
[BlackFideId "938238"]
[EventDate "2019.10.24"]

1. e4 c5 2. Nf3 d6 3. d4 cxd4 4. Nxd4 Nf6 5. Nc3 a6 6. h3 e5 7. Nde2 h5 8. g3
Be7 9. Bg2 Be6 10. a4 Qc8 11. Bg5 Nbd7 12. Qd2 Qc6 13. O-O Nf8 14. Rfd1 N8h7 15.
Be3 h4 16. g4 g5 17. Nd5 Rg8 18. Ra3 Bxd5 19. exd5 Qd7 20. Qb4 Rc8 21. Nc3 Kf8
22. Rb3 Rc7 23. Bb6 Rc8 24. Be3 Rc7 25. Bf3 Kg7 26. Ne4 Kh8 27. c4 Rgc8 28. Rc3
Rg8 29. Bb6 Rcc8 30. a5 Ne8 31. c5 Nhf6 32. Qb3 Nh7 33. c6 bxc6 34. dxc6 Qe6 35.
c7 Nxc7 36. Nxd6 Bxd6 37. Qxe6 Nxe6 38. Rxd6 Nf4 39. Bc7 e4 40. Bd1 Nxh3+ 41.
Rxh3 Rxc7 42. Rxa6 Rd8 43. Bb3 Rc1+ 44. Kg2 Nf8 45. Re3 Ng6 46. Rxe4 Nf4+ 47.
Rxf4 gxf4 48. Rf6 Rd3 49. Bxf7 h3+ 50. Kh2 Rf3 51. Bd5 Rxf2+ 52. Kxh3 Kg7 53. g5
Rg1 54. Rxf4 Rxf4 55. a6 Rf8 0-1

[Event "22nd European Teams Women"]
[Site "Batumi GEO"]
[Date "2019.10.28"]
[Round "5.3"]
[Board "3"]
[White "Injac, Teodora"]
[Black "Osmak, Iulija"]
[Result "0-1"]
[WhiteTitle "WIM"]
[BlackTitle "IM"]
[WhiteElo "2257"]
[BlackElo "2409"]
[WhiteTeam "Serbia"]
[BlackTeam "Ukraine"]
[WhiteFideId "932400"]
[BlackFideId "14101602"]
[EventDate "2019.10.24"]

1. Nf3 Nf6 2. c4 b6 3. d4 e6 4. Bf4 Bb7 5. e3 Be7 6. Nc3 Nh5 7. Bg3 d6 8. Qc2
Nd7 9. Be2 h6 10. O-O-O Bf6 11. Kb1 a6 12. Ne1 Nxg3 13. hxg3 Qe7 14. Bf3 O-O-O
15. Bxb7+ Kxb7 16. Nd3 c5 17. Nf4 cxd4 18. exd4 Rc8 19. Qa4 Qd8 20. Ne4 Be7 21.
Rd3 Qc7 22. Rc3 Nf6 23. Nd2 Qd7 24. Qc2 Ka7 25. Nf3 Qb7 26. Re1 Rc7 27. d5 e5
28. Ne2 Rhc8 29. Rc1 b5 30. cxb5 Nxd5 31. Rxc7 Rxc7 32. Qf5 Qxb5 33. Rxc7+ Nxc7
34. Nc1 Bf6 35. Nd2 d5 36. Qc8 Qb7 37. Qg8 e4 38. Ndb3 Ne6 39. Qe8 Nc5 40. Qf8
Na4 41. Qe8 Nxb2 42. Nc5 Qc7 43. N1b3 Nd1 44. Nd7 Nc3+ 45. Kc2 Nb5+ 46. Nbc5 Nd6
47. Qf8 Bd4 0-1

[Event "22nd European Teams Women"]
[Site "Batumi GEO"]
[Date "2019.10.28"]
[Round "5.10"]
[Board "3"]
[White "Makropoulou, Marina"]
[Black "Donghvani, Nia"]
[Result "1/2-1/2"]
[WhiteTitle "WGM"]
[WhiteElo "2201"]
[BlackElo "1903"]
[WhiteTeam "Greece"]
[BlackTeam "Georgia 3"]
[WhiteFideId "4200187"]
[BlackFideId "13614649"]
[EventDate "2019.10.24"]

1. e4 c5 2. Nf3 d6 3. Bb5+ Nd7 4. d4 cxd4 5. Nxd4 Nf6 6. O-O a6 7. Bxd7+ Bxd7 8.
Re1 e5 9. Nf5 Nxe4 10. Nxg7+ Bxg7 11. Rxe4 Bf5 12. Re1 O-O 13. Nc3 Rc8 14. a4
Qd7 15. Be3 Rc4 16. Re2 Rg4 17. Rd2 Rg6 18. f3 Re8 19. Ne4 Bxe4 20. fxe4 Qg4 21.
Qxg4 Rxg4 22. Rxd6 Rxe4 23. Bd2 Rc4 24. c3 e4 25. Be3 Be5 26. Rd7 b5 27. axb5
axb5 28. Raa7 f5 29. g3 b4 30. Bd4 Bxd4+ 31. cxd4 Rc1+ 32. Kg2 Rc2+ 33. Kh3 Rxb2
34. Rg7+ Kh8 35. Rxh7+ Kg8 36. Rag7+ Kf8 37. Rf7+ Kg8 38. Rhg7+ Kh8 39. Rh7+ Kg8
40. Rfg7+ Kf8 41. d5 Rd2 42. Rd7 Kg8 43. d6 Rxd6 44. Rhg7+ Kh8 45. Rh7+ Kg8 46.
Rdg7+ Kf8 47. Rf7+ Kg8 48. Rfg7+ Kf8 49. Rf7+ Kg8 50. Rfg7+ Kf8 1/2-1/2

[Event "22nd European Teams Women"]
[Site "Batumi GEO"]
[Date "2019.10.28"]
[Round "5.12"]
[Board "4"]
[White "Lehtinen, Helja"]
[Black "Motycakova, Monika"]
[Result "0-1"]
[BlackTitle "WFM"]
[WhiteElo "1802"]
[BlackElo "2126"]
[WhiteTeam "Finland"]
[BlackTeam "Slovakia"]
[WhiteFideId "515566"]
[BlackFideId "14909626"]
[EventDate "2019.10.24"]

1. d4 Nf6 2. c4 e6 3. Nc3 Bb4 4. e3 b6 5. Ne2 Ba6 6. a3 Be7 7. Ng3 d5 8. cxd5
Bxf1 9. Nxf1 exd5 10. Ng3 Qd7 11. O-O O-O 12. Qc2 Re8 13. b4 c6 14. Bb2 a5 15.
Na4 Qa7 16. Bc3 axb4 17. axb4 Qb7 18. Qb3 Nbd7 19. Bb2 Bf8 20. Nc3 b5 21. Rfc1
Nb6 22. Nf1 Nc4 23. Rd1 Qe7 24. Rxa8 Rxa8 25. Na2 Ra4 26. Ra1 Qa7 27. Bc3 Ne4
28. Be1 Bd6 29. f3 Nf6 30. Bc3 h6 31. Qb1 Qe7 32. Qe1 Ra3 33. Kh1 Qa7 34. Qb1
Qa4 35. Kg1 Nd7 36. Kh1 Nb8 37. e4 Na6 38. exd5 cxd5 39. Kg1 Nxb4 40. Nxb4 Rxa1
41. Qxa1 Qxa1 42. Bxa1 Bxb4 43. Kf2 Bd6 44. Ke2 Kf8 45. h3 Ke7 46. Ne3 Ke6 47.
Kd3 Nxe3 48. Kxe3 Kf5 49. Bb2 Be7 50. Ke2 Kf4 51. Kf2 Bh4+ 52. Ke2 Kg3 53. Kf1
b4 54. Bc1 Bg5 55. Bb2 h5 56. Kg1 Bd2 57. Kf1 Bc3 0-1

[Event "22nd European Teams Women"]
[Site "Batumi GEO"]
[Date "2019.10.28"]
[Round "5.13"]
[Board "1"]
[White "Cramling, Pia"]
[Black "Golubenko, Valentina"]
[Result "1-0"]
[WhiteTitle "GM"]
[BlackTitle "WGM"]
[WhiteElo "2462"]
[BlackElo "2274"]
[WhiteTeam "Sweden"]
[BlackTeam "Croatia"]
[WhiteFideId "1700030"]
[BlackFideId "4501993"]
[EventDate "2019.10.24"]

1. d4 d5 2. Nf3 e6 3. c4 a6 4. e3 c5 5. Nc3 Nf6 6. cxd5 exd5 7. Be2 Nc6 8. O-O
Bd6 9. dxc5 Bxc5 10. b3 d4 11. Na4 Ba7 12. exd4 O-O 13. Bb2 Re8 14. Nc5 Qe7 15.
Re1 Bg4 16. Bf1 Qc7 17. Rxe8+ Rxe8 18. Rc1 Qf4 19. Qd2 Qf5 20. Qg5 Qxg5 21. Nxg5
h6 22. Nf3 Bxf3 23. gxf3 Nb4 24. a3 Bxc5 25. dxc5 Nc6 26. Rd1 Nh5 27. Bd3 Nf4
28. Be4 Nh3+ 29. Kf1 Ng5 30. Bd5 Rd8 31. b4 Ne7 32. Bb3 Re8 33. Rd3 Ng6 34. Rd7
Re7 35. Rxe7 Nxe7 36. Ke2 Ng6 37. Ke3 Ne7 38. f4 Nf5+ 39. Kd3 Nh3 40. Ke4 g6 41.
Bd5 Nxf2+ 42. Kf3 Nd3 43. Bc3 g5 44. fxg5 hxg5 45. Ke4 Ne7 46. Bxb7 Nf2+ 47. Kf3
Nh3 48. c6 Nd5 49. Be5 g4+ 50. Kxg4 Nf2+ 51. Kf3 Nd3 52. Ke4 Nxe5 53. Kxd5 Ng6
54. c7 Ne7+ 55. Ke4 1-0

[Event "22nd European Teams Women"]
[Site "Batumi GEO"]
[Date "2019.10.28"]
[Round "5.13"]
[Board "3"]
[White "Cramling Bellon, Anna"]
[Black "Purgar, Ivona"]
[Result "1/2-1/2"]
[WhiteTitle "WFM"]
[BlackTitle "WFM"]
[WhiteElo "2164"]
[BlackElo "2205"]
[WhiteTeam "Sweden"]
[BlackTeam "Croatia"]
[WhiteFideId "32009232"]
[BlackFideId "14514451"]
[EventDate "2019.10.24"]

1. Nf3 d5 2. b3 Nf6 3. Bb2 e6 4. e3 b6 5. c4 Bb7 6. Nc3 Nbd7 7. d4 Be7 8. Be2
O-O 9. O-O c5 10. Rc1 Rc8 11. cxd5 Nxd5 12. Nxd5 Bxd5 13. Ba6 Rc7 14. Qe2 cxd4
15. Rxc7 Qxc7 16. Rc1 Qd6 17. Nxd4 Nc5 18. Bc4 Be4 19. Nb5 Qb8 20. b4 Na4 21.
Ba1 a6 22. Qg4 Bg6 23. Nd4 Qd6 24. a3 h5 25. Qd1 b5 26. Bb3 e5 27. Nc6 Qxd1+ 28.
Rxd1 Bf6 29. Nxe5 Bf5 30. Bxa4 bxa4 31. Nf3 Bxa1 32. Rxa1 Rc8 33. h3 Rc3 34. Nd4
Bd3 35. Kh2 Kf8 36. Kg3 Ke7 37. Kf4 Kf6 38. Kf3 Ke5 39. g4 h4 40. g5 f6 41. gxf6
Kxf6 42. Ne2 Rb3 43. Nd4 g5 44. Ra2 Rc3 45. Ne2 Rc4 46. Nd4 Rc3 47. Ne2 Rc4 48.
Nd4 Rc3 49. Ne2 1/2-1/2

[Event "22nd European Teams Women"]
[Site "Batumi GEO"]
[Date "2019.10.28"]
[Round "5.14"]
[Board "3"]
[White "Kyrkjebo, Hanna B."]
[Black "Novkovic, Julia"]
[Result "1-0"]
[BlackTitle "WFM"]
[WhiteElo "1949"]
[BlackElo "2146"]
[WhiteTeam "Norway"]
[BlackTeam "Austria"]
[WhiteFideId "1511599"]
[BlackFideId "12000086"]
[EventDate "2019.10.24"]

1. e4 c5 2. Nf3 a6 3. c3 d5 4. exd5 Qxd5 5. d4 Nf6 6. Be2 e6 7. O-O Nc6 8. Bf4
Be7 9. h3 O-O 10. dxc5 Qxd1 11. Rxd1 Bxc5 12. Nbd2 Re8 13. Ne5 Nd5 14. Bg3 Nxe5
15. Bxe5 f6 16. Bg3 Be7 17. Bf3 Rd8 18. Nb3 g5 19. Na5 Ra7 20. Bb8 Ra8 21. Bg3
Ra7 22. c4 Nf4 23. a3 Kf8 24. b4 b6 25. Nc6 Rxd1+ 26. Rxd1 Rd7 27. Rxd7 Bxd7 28.
Nxe7 Kxe7 29. Kf1 a5 30. Be4 axb4 31. axb4 h6 32. f3 Kd6 33. Bf2 f5 34. Bc2 b5
35. Bb3 Nd3 36. Be1 Ke5 37. Bc3+ Kf4 38. c5 Ke3 39. Bc2 Nc1 40. Bb1 Nb3 41. Ke1
e5 42. Bc2 Be6 43. Bxe5 Nd4 44. Bb1 Bd7 45. Bg7 h5 46. Bh6 Nc6 47. Bxg5+ f4 48.
Bh4 Kd4 49. Bg6 Nxb4 50. Bf2+ Kd5 51. Kd2 Nc6 52. Bf7+ Ke5 53. Bxh5 Kf6 54. Bg4
Be8 55. Kc3 Ke5 56. g3 fxg3 57. Bxg3+ Kd5 58. Bf2 Ke5 59. Be3 Bf7 60. Bd7 b4+
61. Kb2 Kd5 62. h4 Na5 63. Bb5 Bh5 64. Be2 Nb7 65. Kb3 Nxc5+ 66. Kxb4 Nd7 67.
Ba6 Ke6 68. Bb7 Nf6 69. Kc4 Ke5 70. Kd3 Nd5 71. Bd4+ Ke6 72. Bc8+ Kf7 73. Ke4
Ne7 74. Bg4 Bg6+ 75. Kf4 Bd3 76. h5 Nc6 77. Bc3 Ne7 78. Kg5 Nd5 79. Bd4 Ne7 80.
h6 Bh7 81. f4 Nd5 82. Bh5+ Kf8 83. f5 Bg8 84. Bg6 Ke7 85. h7 Bxh7 86. Bxh7 Kf7
87. Bg6+ Kf8 88. f6 Kg8 89. f7+ Kf8 90. Bc5+ Ne7 91. Bxe7+ 1-0